000 00722nam a2200253Ia 4500
003 OSt
005 20220918193802.0
006 a|||||r|||| 00| 0
007 ta
008 220917b |||||||| |||| 00| 0 eng d
024 _a75,494
037 _cTextual
040 _aARTS
_cARTS
_beng
041 _2eng
_aeng
082 _aR66xJ25,1:g, M7
100 _aPattanayak Pyari Mohan
_982537
245 0 _aGraphic representation of Vedanta Sara
260 _aDelhi
_bHarman
_c1987
300 _axvi,91p. illus
_ccm.
490 _aTeaching Aid for Vedanta series; 1
650 _aADVAITA PHILOSOPHY
_9790
942 _hR66xJ25,1:g, M7
_cTEXL
_2CC
999 _c200279
_d200279